|
|
|
|
| LEADER |
00000nab a2200000 a 4500 |
| 001 |
vtls000753298 |
| 003 |
SK-MaSNL |
| 005 |
20260303200631.0 |
| 008 |
180206c2000 xo 0 slo |
| 015 |
|
|
|a SNBRB2001/04-10843
|
| 035 |
|
|
|a CLN000105085
|
| 040 |
|
|
|a SNKBUCL
|b slo
|c SNKBUCL
|e AACR2
|
| 041 |
0 |
|
|a slo
|
| 044 |
|
|
|a xo
|c SK
|
| 080 |
|
|
|a 792.5
|2 UDC-MRF-SK2
|
| 080 |
|
|
|a 78.071.2:784.66
|2 UDC-MRF-SK2
|
| 100 |
1 |
|
|a Miškovičová, Viera
|4 aut
|9 347028
|
| 245 |
1 |
0 |
|a Beatles na Slovensku! A na dvoch miestach naraz!!!
|b Beatles na prešovský spôsob
|c Viera Miškovičová
|
| 300 |
|
|
|b Fotogr.
|
| 610 |
2 |
7 |
|a Divadlo Jonáša Záborského
|2 snkbucl
|9 29722
|
| 630 |
0 |
7 |
|a Beatles (muzikál)
|2 snkbucl
|9 1225797
|
| 655 |
|
7 |
|a recenzie
|2 snkbucl
|9 21907
|
| 655 |
|
7 |
|a články z novín a časopisov
|2 snkbucl
|9 267496
|
| 773 |
0 |
|
|t Muzikant
|g Roč. 1, č. 2 (2000), s. 15
|
| 850 |
|
|
|a Slovenská národná knižnica v Martine
|
| 852 |
|
|
|a SNK
|b KIS3GCP
|
| 958 |
|
|
|a RBX
|
| 999 |
|
|
|c 2169021
|d 2170951
|